header

Mark Twain's helpful hints for good living (Record no. 41713)

MARC details
000 -LEADER
fixed length control field 01734nam a2200385 a 4500
082 04 - DEWEY DECIMAL CLASSIFICATION NUMBER
Classification number 818/.409
100 1# - MAIN ENTRY--AUTHOR NAME
Personal name Twain, Mark,
245 10 - TITLE STATEMENT
Title Mark Twain's helpful hints for good living
260 ## - PUBLICATION, DISTRIBUTION, ETC. (IMPRINT)
Place of publication Berkeley :
Name of publisher University of California Press,
Year of publication c2004.
300 ## - PHYSICAL DESCRIPTION
Number of Pages xiv, 207 p. :
Other physical details ill.
490 1# - SERIES STATEMENT
Series statement Jumping frogs ;
500 ## - GENERAL NOTE
General note "The Mark Twain Project is a reserach and editorial project housed within the Mark Twain Papers at the Bancroft Library, Univ. of Calif., Berkeley."
650 #0 - SUBJECT ADDED ENTRY--TOPICAL TERM
Topical Term Conduct of life
Topical Term Conduct of life
700 1# - ADDED ENTRY--PERSONAL NAME
Personal name Salamo, Lin.
Personal name Fischer, Victor,
Personal name Frank, Michael B.
856 40 - ELECTRONIC LOCATION AND ACCESS
Uniform Resource Identifier http://site.ebrary.com/lib/rucke/Doc?id=10068573

No items available.

© 2026 Rongo University
Contact us: librarian | system librarian | Rongo university